Evolution of military thought (Record no. 198638)

000 -LEADER
fixed length control field 00669 a2200169 4500
003 - CONTROL NUMBER IDENTIFIER
control field Nust
005 - DATE AND TIME OF LATEST TRANSACTION
control field 20170207154602.0
040 ## - CATALOGING SOURCE
Transcribing agency Nust
082 ## - DEWEY DECIMAL CLASSIFICATION NUMBER
Classification number 355.02,
100 ## - MAIN ENTRY--PERSONAL NAME
Personal name Khan,Colonel Khush Muhammad
245 ## - TITLE STATEMENT
Title Evolution of military thought
Remainder of title military history presentations national security and war course 2010/11
Statement of responsibility, etc. Col. Khush Muhammad Khan and Lt Col Manzoor Ahmed Abbasi AEC
260 ## - PUBLICATION, DISTRIBUTION, ETC.
Place of publication, distribution, etc. Islamabad
Name of publisher, distributor, etc. NDU
Date of publication, distribution, etc. 2012
300 ## - PHYSICAL DESCRIPTION
Extent v,262 p.
505 ## - FORMATTED CONTENTS NOTE
Formatted contents note Continental Military Thought and its Global Impact (Page 1) Evolution of Air Power (Page 81) Evolution of Maritime and Naval Power (Page 169)
650 ## - SUBJECT ADDED ENTRY--TOPICAL TERM
Topical term or geographic name entry element Evolution of military thought
651 ## - SUBJECT ADDED ENTRY--GEOGRAPHIC NAME
Geographic name Military thought
942 ## - ADDED ENTRY ELEMENTS (KOHA)
Source of classification or shelving scheme
Koha item type Book
Holdings
Withdrawn status Lost status Source of classification or shelving scheme Damaged status Not for loan Collection code Permanent Location Current Location Date acquired Total Checkouts Full call number Barcode Date last seen Price effective from Koha item type
            Military College of Signals (MCS) Military College of Signals (MCS) 12/12/2016   355.02 EVO MCS36841 12/08/2016 12/12/2016 Book
            Military College of Signals (MCS) Military College of Signals (MCS) 12/12/2016   355.02 EVO MCS36842 12/08/2016 12/12/2016 Book
© 2023 Central Library, National University of Sciences and Technology. All Rights Reserved.